Česko-italský mluvník
Saved in:
| Corporate Author | |
|---|---|
| Format | Book |
| Language | Czech Italian |
| Published |
V Brně :
Lingea,
2010
|
| Edition | 1. vyd. |
| Series | Rozvažte si jazyk
|
| Subjects | |
| ISBN | 9788087062661 |
| Physical Description | 416 s. ; 17 cm |
| LEADER | 00000cam a2200000 a 4500 | ||
|---|---|---|---|
| 001 | 57425 | ||
| 003 | CZ-ZlUTB | ||
| 005 | 20240829143257.0 | ||
| 007 | ta | ||
| 008 | 100122s2010 xr g f 000 0 cze | ||
| 015 | |a cnb002030223 | ||
| 020 | |a 9788087062661 |q (brož.) | ||
| 035 | |a (OCoLC)655138230 | ||
| 040 | |a BOA001 |b cze |d ZLD002 | ||
| 041 | 0 | |a cze |a ita | |
| 072 | 7 | |a 811.131 |x Italo-románské jazyky |2 Konspekt |9 11 | |
| 080 | |a 811.131.1 |2 MRF | ||
| 080 | |a 811.162.3 |2 MRF | ||
| 080 | |a 81'24 |2 MRF | ||
| 080 | |a (035) |2 MRF | ||
| 245 | 0 | 0 | |a Česko-italský mluvník / |c [slovník vytvořil autorský kolektiv pracovníků Lingea] |
| 246 | 1 | |i Název na rubu tit. s.: |a Lingea mluvník česko-italský | |
| 250 | |a 1. vyd. | ||
| 260 | |a V Brně : |b Lingea, |c 2010 | ||
| 300 | |a 416 s. ; |c 17 cm | ||
| 490 | 1 | |a Rozvažte si jazyk | |
| 650 | 0 | 7 | |a italština |7 ph121249 |2 czenas |
| 650 | 0 | 7 | |a čeština |7 ph135292 |2 czenas |
| 650 | 0 | 7 | |a fráze |7 ph135256 |2 czenas |
| 650 | 0 | 9 | |a Italian language |2 eczenas |
| 650 | 0 | 9 | |a Czech language |2 eczenas |
| 650 | 0 | 9 | |a phrases |2 eczenas |
| 655 | 7 | |a příručky |7 fd133209 |2 czenas | |
| 655 | 9 | |a handbooks, manuals, etc |2 eczenas | |
| 710 | 2 | |a Lingea (firma) |7 ko2003165020 | |
| 830 | 0 | |a Rozvažte si jazyk |0 s | |
| 910 | |a ZLD002 | ||
| 928 | 1 | |a Lingea | |
| 952 | |0 0 |1 0 |4 0 |6 80132ČI |7 0 |8 BOOK |9 105557 |a UTBZL |b UTBZL |c 006 |d 2010-09-20 |l 0 |o 801.32/Č-I |p 420010134229 |r 2019-08-26 00:00:00 |v 249.00 |w 2019-08-26 |x N:nákup; |y 04 | ||
| 952 | |0 0 |1 0 |4 0 |6 80132ČI |7 0 |8 BOOK |9 105558 |a UTBZL |b UTBZL |c 006 |d 2010-09-20 |l 5 |o 801.32/Č-I |p 420010134230 |r 2019-08-26 00:00:00 |v 249.00 |w 2019-08-26 |x N:nákup; |y 04 | ||
| 992 | |a BK |b SK |d 5 | ||
| 901 | |b 9788087062661 |f 1. vyd. |o 20100622 | ||
| 998 | |a 002030223 | ||
| 999 | |c 57425 |d 57425 | ||